| Поле | Инд. | ПП | Название | Значение |
|---|---|---|---|---|
| Тип записи | a | |||
| Библиографический уровень | b | |||
| 001 | Контрольный номер | UNIDUBNA2868ecb44dfb4221a50a0b74837021e5 | ||
| 005 | Дата корректировки | 20240903114549.7 | ||
| 008 | Кодируемые данные | 20170331 | ||
| 040 | b | Код языка каталог. | rus | |
| e | Правила каталог. | PSBO | ||
| 041 | 0_ | a | Код языка текста | rus |
| 084 | a | Индекс другой классификации/Индекс ББК | 60.993; 88.945 | |
| 100 | 1_ | a | Автор | Мартенюк Е. А. |
| 245 | 10 | a | Заглавие | Сказкотерапия как эффективный метод социализации детей с ОВЗ |
| 520 | 0_ | a | Аннотация | Сказкотерапия стала эффективным инструментом для повышения познавательной и творческой активности детей-сирот и детей, оставшихся без попечения родителей. Повышение уровня эмоционального развития, снижение личностной тревожности, развитие коммуникативных навыков и освоение социальных норм создают личностные и интеллектуальные предпосылки для успешного протекания процесса социализации. |
| 650 | 14 | a | Основная рубрика | практическая психология (прикладная психология) |
| a | Основная рубрика | психология | ||
| a | Основная рубрика | психотерапия | ||
| a | Основная рубрика | социальная работа | ||
| 653 | 0_ | a | Ключевые слова | дети с ограниченными возможностями |
| a | Ключевые слова | дети, оставшиеся без попечения родителей | ||
| a | Ключевые слова | дети-сироты | ||
| a | Ключевые слова | качество жизни | ||
| a | Ключевые слова | когнитивные способности | ||
| a | Ключевые слова | коммуникативные навыки | ||
| a | Ключевые слова | комфортная среда | ||
| a | Ключевые слова | личностное развитие | ||
| a | Ключевые слова | межличностное общение | ||
| a | Ключевые слова | метод "Мастер сказок" | ||
| a | Ключевые слова | метод "Рисование сказки" | ||
| a | Ключевые слова | методы коррекции | ||
| a | Ключевые слова | ограниченные возможности здоровья | ||
| a | Ключевые слова | песочная терапия | ||
| a | Ключевые слова | познавательная активность | ||
| a | Ключевые слова | психическое здоровье | ||
| a | Ключевые слова | психокоррекция | ||
| a | Ключевые слова | психосоциальная реабилитация | ||
| a | Ключевые слова | психотерапевтические методы | ||
| a | Ключевые слова | психоэмоциональное благополучие | ||
| a | Ключевые слова | развивающие игры | ||
| a | Ключевые слова | сказкотерапия | ||
| a | Ключевые слова | социализация | ||
| a | Ключевые слова | социальное взаимодействие | ||
| a | Ключевые слова | социальное обслуживание | ||
| a | Ключевые слова | социально-психологическая помощь | ||
| a | Ключевые слова | социально-психологические методы | ||
| a | Ключевые слова | социально-психологическое благополучие | ||
| a | Ключевые слова | социально-психологическое сопровождение | ||
| a | Ключевые слова | эмоциональное развитие | ||
| 773 | 08 | t | Заглавие источника | Работник социальной службы |
| d | Дата издания источника | 2023 | ||
| g | Прочая информация | № 2. - С. 56 - 62 | ||
| w | Контрольный № источника | UNIDUBNAded786d9511c41638c8c9ffc55fb48cb | ||
| 901 | t | Тип документа | b |